| 000 | 00449nam a2200133Ia 4500 | ||
|---|---|---|---|
| 008 | 200928s9999 xx 000 0 und d | ||
| 020 | _a978-971-817-211-7 | ||
| 100 | _aPunongbayan, Alvin | ||
| 245 |
_cAlvin Punongbayan.-- _aCreative writing : _bA Compliance to K to 12 curriculum / |
||
| 260 |
_aManila : _bBooklore Pulishing Corp. _c2017 |
||
| 300 |
_aiv , 177 pages : _billustrations ; _c26 cm. |
||
| 650 | _aAuthorship | ||
| 650 | _aCreative writing | ||
| 999 |
_c364538 _d364538 |
||